| 000 | 00738nam a2200217 i 4500 | ||
|---|---|---|---|
| 001 | 86843 | ||
| 003 | ES-MaACL | ||
| 005 | 20230906175532.0 | ||
| 007 | t| | ||
| 008 | 041216s1974 sp ||||1| spa d | ||
| 100 | 1 |
_aKirk, G. S. _9139588 |
|
| 245 | 1 | 4 |
_aLos filósofos presocráticos _b: historia crítica con selección de textos / _cG.S. Kirk y J. E. Raven ; versión de Jesús García Fernández. |
| 260 |
_a[Madrid] : _bGredos, _c[1974] |
||
| 300 |
_a686 p. ; _c20 cm. |
||
| 490 | 1 | _aBiblioteca hispánica de filosofía | |
| 700 | 1 |
_aRaven, J. E. _9139589 |
|
| 700 | 1 |
_aGarcía Fernández, Jesús. _954598 |
|
| 830 | 0 |
_aBiblioteca hispánica de filosofía _9181000 |
|
| 852 | 4 |
_aES-MaACL _jE-9272 _9R.93836 |
|
| 999 |
_c86843 _d86843 |
||